000 02487cam a22002174a 4500
005 20250605164112.0
008 250528s ||||||||||||||||||||||||d
035 _a17953
020 _a155743317
040 _aGR-AtMCL
_bgre
_dGR-AtMCL
_eAACR2
245 1 _aQuantitative Methods for Business Decisions / With Cases: Fifth Edition
250 _a5th
260 _bThe Dryden Press,
_c1991
300 _a958
505 0 _aPreface, Introduction to Quantitative Methods for Decision Making, Probability Concepts, Probability Distributions and Expected Value and Sampling, Assesing Probabilities Through Judgement, Forecasting, Inventory Decisions with Certain Factors, Inventory Decisions with Uncertain Factors, Linear Programming, Linear Programming Applications and Problem Formulation, Solving Linear Programs I: Simplex and the Computer, Solving Linear Proms II: Surplus and Artificial Variables, Shadow Prices and Duality in Linear Programming, Sensitivity Analysis in Linear Programming, The Transportation Problem, Integer Programming and the Branch and Bound Method, Goal Programming, Network Planning with PERT, Waiting Lines (Queues), Simulation, Basic Concepts of Decision Making, Decision Theory, Decision Making Using the Normal Distribution, Decision Making with Utility, Games and Interactive Decisions, Dynamic Programming, Decision Making with Markov Processes, Appendixes, Index.
520 _aPreface, Introduction to Quantitative Methods for Decision Making, Probability Concepts, Probability Distributions and Expected Value and Sampling, Assesing Probabilities Through Judgement, Forecasting, Inventory Decisions with Certain Factors, Inventory Decisions with Uncertain Factors, Linear Programming, Linear Programming Applications and Problem Formulation, Solving Linear Programs I: Simplex and the Computer, Solving Linear Proms II: Surplus and Artificial Variables, Shadow Prices and Duality in Linear Programming, Sensitivity Analysis in Linear Programming, The Transportation Problem, Integer Programming and the Branch and Bound Method, Goal Programming, Network Planning with PERT, Waiting Lines (Queues), Simulation, Basic Concepts of Decision Making, Decision Theory, Decision Making Using the Normal Distribution, Decision Making with Utility, Games and Interactive Decisions, Dynamic Programming, Decision Making with Markov Processes, Appendixes, Index.
700 1 _aLapin Lawrence L
_94249
942 _cBK
999 _c3347
_d3347